The noble scholar, jurist, historian


 His Excellency Dr. Abdul Wahhab bin Ibrahim Abu Sulaiman, may Allah have mercy on him.


 He was born in Umm Al-Qura in the year 1356 AH.

موسوعة الوقف في الفقه الإسلامي / (Record no. 2878)

MARC details
000 -LEADER
fixed length control field 01278caa a22002651ib4500
003 - CONTROL NUMBER IDENTIFIER
control field SA-RiAUC
005 - DATE AND TIME OF LATEST TRANSACTION
control field 20250501084056.0
008 - FIXED-LENGTH DATA ELEMENTS--GENERAL INFORMATION
fixed length control field 241201s2006 ir g e f000 0 ara c
040 ## - CATALOGING SOURCE
Original cataloging agency IQ-KaIHL
Language of cataloging ara
Transcribing agency SA-RiAUC.
Description conventions rda
050 #4 - LIBRARY OF CONGRESS CALL NUMBER
Item number .M379 2006
082 04 - DEWEY DECIMAL CLASSIFICATION NUMBER
Classification number 258.603
Assigning agency SA-RiAUC
090 ## - LOCALLY ASSIGNED LC-TYPE CALL NUMBER (OCLC); LOCAL CALL NUMBER (RLIN)
Classification number (OCLC) (R) ; Classification number, CALL (RLIN) (NR) 258.603
Local cutter number (OCLC) ; Book number/undivided call number, CALL (RLIN) م ر ا
100 1# - MAIN ENTRY--PERSONAL NAME
Personal name المراغي، يعقوب الجعفري
Relator term مؤلف.
245 10 - TITLE STATEMENT
Title موسوعة الوقف في الفقه الإسلامي /
Statement of responsibility, etc. تأليف يعقوب الجعفري المراغي.
264 ## - PRODUCTION, PUBLICATION, DISTRIBUTION, MANUFACTURE, AND COPYRIGHT NOTICE
Place of production, publication, distribution, manufacture طهران:
Name of producer, publisher, distributor, manufacturer المعاونية الثقافية لمنظمة الأوقاف و الشؤون الخيرية،
Date of production, publication, distribution, manufacture, or copyright notice 2006.
300 ## - PHYSICAL DESCRIPTION
Extent مجلد ؛
Dimensions 24 سم
336 ## - CONTENT TYPE
Content type term نص
Content type code txt
Source rdacontent
Materials specified كتاب
337 ## - MEDIA TYPE
Media type term بدون وسيط
Media type code n
Source rdamedia
338 ## - CARRIER TYPE
Carrier type term مجلد
Carrier type code nc
Source rdacarrier
500 ## - GENERAL NOTE
General note ملاحظات من الشيخ الدكتور عبدالوهاب سليمان رحمه الله بداخل الكتاب
580 ## - LINKING ENTRY COMPLEXITY NOTE
Linking entry complexity note في : موسوعة الوقف في الفقه الإسلامي. -ط. 1. -طهران : منظمة الأوقاف والشؤون الخيرية، [2006]. -مج. 1.
650 #7 - SUBJECT ADDED ENTRY--TOPICAL TERM
Topical term or geographic name entry element الوقف (فقه شيعي)
Form subdivision دوائر معارف
Source of heading or term aucsh
942 ## - ADDED ENTRY ELEMENTS (KOHA)
Source of classification or shelving scheme Dewey Decimal Classification
Koha item type Books
949 ## - LOCAL PROCESSING INFORMATION (OCLC)
a SA-JeALM
d 241201
u khaled123
n 1
Holdings
Withdrawn status Lost status Source of classification or shelving scheme Materials specified (bound volume or other part) Damaged status Not for loan Home library Current library Date acquired Total checkouts Full call number Barcode Date last seen Price effective from Koha item type Collection
    Dewey Decimal Classification الجزء الثامن     DR AbdElwahab Library DR AbdElwahab Library 12/01/2024   258.603 م ر ا 000004683 12/01/2024 12/01/2024 Books  
    Dewey Decimal Classification الجزء التاسع     DR AbdElwahab Library DR AbdElwahab Library 12/01/2024   258.603 م ر ا 000004684 12/01/2024 12/01/2024 Books  
    Dewey Decimal Classification الجزء الاول     DR AbdElwahab Library DR AbdElwahab Library 12/02/2024   258.603 م ر ا 000004618 12/02/2024 12/02/2024 Books ملاحظات
    Dewey Decimal Classification الجزء الثالث     DR AbdElwahab Library DR AbdElwahab Library 12/02/2024   258.603 م ر ا 000004619 12/02/2024 12/02/2024 Books  
    Dewey Decimal Classification الجزء الثاني     DR AbdElwahab Library DR AbdElwahab Library 05/01/2025   258.603 م ر ا 000012440 05/01/2025 05/01/2025 Books ملاحظات
    Dewey Decimal Classification الجزء الرابع     DR AbdElwahab Library DR AbdElwahab Library 05/01/2025   258.603 م ر ا 000012441 05/01/2025 05/01/2025 Books ملاحظات
    Dewey Decimal Classification الجزء الخامس     DR AbdElwahab Library DR AbdElwahab Library 05/01/2025   258.603 م ر ا 000012442 05/01/2025 05/01/2025 Books ملاحظات
    Dewey Decimal Classification الجزء السادس     DR AbdElwahab Library DR AbdElwahab Library 05/01/2025   258.603 م ر ا 000012443 05/01/2025 05/01/2025 Books ملاحظات
    Dewey Decimal Classification الجزء السابع     DR AbdElwahab Library DR AbdElwahab Library 05/01/2025   258.603 م ر ا 000012444 05/01/2025 05/01/2025 Books ملاحظات
    Dewey Decimal Classification الجزء العاشر     DR AbdElwahab Library DR AbdElwahab Library 05/01/2025   258.603 م ر ا 000012445 05/01/2025 05/01/2025 Books ملاحظات